000 01466nam a2200325Ia 4500
001 87623
003 IT-RoPAU
008 130308s9999 xx 000 0 und d
040 _aIT-RoPAU
040 _cIT-RoPAU
041 _aITALIANO
100 _aMalherbe Michel
100 _gCodice Aut. SPICS: 17384
240 _aLANGAGES DE L'HUMANITE' (LE)
240 _gCodice Tit. Orig. Spics: 37736
245 _aLinguaggi dell'umanità (I)-Enciclopedia delle 3000 lingue parlate nel mondo
245 _bLinguaggi dell'Umanita' (I)-Enciclopedia delle 3000 Lingue Parlate nel Mondo
250 _a1a ed.
260 _aMILANO
260 _bSugarco
260 _c1984 [1° Ed.:1984 - Ed.Ling.Originale:1983]
300 _a"368 p. (prefazione: no ; testo: 368)"
500 _aPaesaggio Linguistico Alla Fine del Xx Secolo Elementi Costitutivi di una Lingua Fonetica Grammatica vocabolario Scrittura Grandi gruppi Linguistici gruppo Indoeuropeo Lingue Dravidiche Semitiche Camitiche Cuscitiche Lingue Agglutinanti Lingue tonali dell'Asia Indonesiano e gruppo Malese Polinesiano Lingue primitive dell'Oceania Lingue dell'Africa Nera Pidgin e Creoli vero Valore delle Parole Etimologia toponomastica Lingua e Società Uomo e Linguaggio Lingue e Storia politiche Linguistiche degli Stati Lingue e futuro Bibliografia
650 _aSAGGI DI LINGUISTICA
650 _eCodice materia Spics: 3207
942 _cBK
957 _71
999 _c64989
_d64989
999 _bSI
999 _g1